000 00836nam a2200289Ia 4500
001 Z_2042
003 CHAP
008 220113s1994 xx 000 0 und d
010 _a165115
040 _cCHAP
090 _aFolleto 322
100 _aGarcía Holguín, Moisés
_9139150
245 _aRehabilitación de tierras de cultivo abandonadas para la producción de carne en el altiplano central /
_cpor Moisés García Holguín
260 _aOjuelos, Jal. :
_bCampo Experimental Vaquerías,
_c1994
300 _a16 p.
440 _a
500 _a
503 _a
650 _aGanado de carne
_xAlimentación
_945068
650 _aPraderas
_xRehabilitación I. INIFAP. Campo Experimental Vaquerías
_9139154
901 _aFolleto 322
902 _aA
910 _a1994
942 _cc14
942 _cc14
999 _c165115
_d165115